[Event "Wloclawek CC Classic 11th"]
[Site "Wloclawek"]
[Date "2014.??.??"]
[Round "7"]
[White "Wieckowska, Oliwia"]
[Black "Narazinski, Krzysztof"]
[Result "0-1"]
[WhiteElo "1400"]
[BlackElo "1000"]
[PlyCount "80"]
[EventDate "2014.06.??"]
[EventType "swiss"]
[EventRounds "7"]
[EventCountry "POL"]
[SourceTitle "EXT 2021"]
[Source "ChessBase"]
[SourceDate "2020.10.23"]
[SourceVersion "1"]
[SourceVersionDate "2020.10.23"]
[SourceQuality "1"]

1. e4 e5 2. Nf3 Nc6 3. Nc3 Nf6 4. d4 exd4 5. Nxd4 d6 6. g3 Bd7 7. Bg2 g6 8. 0-0 Qe7 9. Bf4 0-0-0 10. Re1 Bg7 11. Qd3 Nxd4 12. Qxd4 c5 13. Qxd6 Qxd6 14. Bxd6 b6 15. Rad1 Rhe8 16. Nd5 Nxd5 17. exd5 Rxe1+ 18. Rxe1 Bxb2 19. Re7 Rf8 20. Rxd7 Kxd7 21. Bxf8 f5 22. Bh6 a5 23. Kf1 c4 24. Ke2 a4 25. Kd1 b5 26. Bc1 a3 27. Bh6 Ke8 28. Kd2 b4 29. h3 b3 30. cxb3 cxb3 31. d6 Bf6 32. Kc1 bxa2 33. Bc6+ Kd8 34. Bg5 a1Q+ 35. Kc2 Bxg5 36. Kb3 Qb2+ 37. Kc4 a2 38. Kd5 a1Q 39. Ba4 Qxa4 40. Kc5 Qbd4# 0-1